<?xml version="1.0" encoding="UTF-8"?><marc:collection xmlns:marc="http://www.loc.gov/MARC21/slim">
  <marc:record>
    <marc:leader>00000nam##2200000za#4500</marc:leader>
    <marc:controlfield tag="001">9.602052</marc:controlfield>
    <marc:controlfield tag="003">CaOODSP</marc:controlfield>
    <marc:controlfield tag="005">20210624210356</marc:controlfield>
    <marc:controlfield tag="007">cr |||||||||||</marc:controlfield>
    <marc:controlfield tag="008">150406|2006||||xxc|||||o    f|0| 0 fre|d</marc:controlfield>
    <marc:datafield tag="020" ind1=" " ind2=" ">
      <marc:subfield code="a">0-662-71332-X</marc:subfield>
    </marc:datafield>
    <marc:datafield tag="040" ind1=" " ind2=" ">
      <marc:subfield code="a">CaOODSP</marc:subfield>
      <marc:subfield code="b">fre</marc:subfield>
    </marc:datafield>
    <marc:datafield tag="043" ind1=" " ind2=" ">
      <marc:subfield code="a">n-cn---</marc:subfield>
    </marc:datafield>
    <marc:datafield tag="086" ind1="1" ind2=" ">
      <marc:subfield code="a">CW66-259/2006F-PDF</marc:subfield>
    </marc:datafield>
    <marc:datafield tag="110" ind1="2" ind2=" ">
      <marc:subfield code="a">Service canadien de la faune.</marc:subfield>
    </marc:datafield>
    <marc:datafield tag="245" ind1="1" ind2="0">
      <marc:subfield code="a">Surveillance des populations d'oiseaux dans de petites zones géographiques / </marc:subfield>
      <marc:subfield code="h">[ressource électronique]</marc:subfield>
      <marc:subfield code="c">[par] Erica H. Dunn ... [et al.]. </marc:subfield>
    </marc:datafield>
    <marc:datafield tag="260" ind1=" " ind2=" ">
      <marc:subfield code="a">Ottawa - Ontario : </marc:subfield>
      <marc:subfield code="b">Environnement Canada. </marc:subfield>
      <marc:subfield code="c">Mars 2006.</marc:subfield>
    </marc:datafield>
    <marc:datafield tag="300" ind1=" " ind2=" ">
      <marc:subfield code="a">74p.</marc:subfield>
      <marc:subfield code="b">références</marc:subfield>
    </marc:datafield>
    <marc:datafield tag="490" ind1="1" ind2=" ">
      <marc:subfield code="a">Publication spéciale (Service canadien de la faune)</marc:subfield>
    </marc:datafield>
    <marc:datafield tag="500" ind1=" " ind2=" ">
      <marc:subfield code="a">Cette publication a été signalée dans la Liste hebdomadaire 07-02.</marc:subfield>
    </marc:datafield>
    <marc:datafield tag="520" ind1="3" ind2=" ">
      <marc:subfield code="a">Le présent document se veut une ressource complète pour quiconque prévoit organiser une surveillance d’oiseaux terrestres non coloniaux dans une zone géographique relativement petite (p. ex. de la taille d’un boisé de ferme à celle d’un grand parc). Il est divisé en deux parties : la première explique, de façon générale, l’importance d’une bonne conception des relevés et donne des conseils précis sur tous les aspects de la planification d’un projet et de la collecte de données de qualité aux fins de vérification d’hypothèses; la deuxième, indépendante et non technique, décrit des plans complets de relevés d’oiseaux effectués à des sites particuliers à l’aide d’une liste de vérification, qui répondront à des questions sur la surveillance que posent fréquemment les amateurs et favoriseront la participation de bénévoles à la collecte de données. Le texte est émaillé de renvois à d’autres ressources, allant de documents généraux à des sources offrant des protocoles de surveillance, des logiciels d’analyse et des outils d’archivage de données.</marc:subfield>
    </marc:datafield>
    <marc:datafield tag="590" ind1=" " ind2=" ">
      <marc:subfield code="a">12-04-Supp</marc:subfield>
      <marc:subfield code="b">2012-02-20</marc:subfield>
    </marc:datafield>
    <marc:datafield tag="691" ind1="0" ind2="7">
      <marc:subfield code="a">Gestion de la faune</marc:subfield>
      <marc:subfield code="2">gcpds</marc:subfield>
    </marc:datafield>
    <marc:datafield tag="691" ind1="0" ind2="7">
      <marc:subfield code="a">Oiseau</marc:subfield>
      <marc:subfield code="2">gcpds</marc:subfield>
    </marc:datafield>
    <marc:datafield tag="720" ind1="1" ind2=" ">
      <marc:subfield code="a">Dunn, Erica H.</marc:subfield>
    </marc:datafield>
    <marc:datafield tag="775" ind1="0" ind2="8">
      <marc:subfield code="t">Monitoring bird populations in small geographic areas / </marc:subfield>
      <marc:subfield code="w">(CaOODSP)9.571449</marc:subfield>
    </marc:datafield>
    <marc:datafield tag="830" ind1="#" ind2="0">
      <marc:subfield code="a">Publication spéciale (Service canadien de la faune)</marc:subfield>
      <marc:subfield code="w">(CaOODSP)9.501581</marc:subfield>
    </marc:datafield>
    <marc:datafield tag="856" ind1="4" ind2="0">
      <marc:subfield code="a">http://publications.gc.ca</marc:subfield>
      <marc:subfield code="q">PDF</marc:subfield>
      <marc:subfield code="s">700 Ko</marc:subfield>
      <marc:subfield code="u">https://publications.gc.ca/collections/Collection/CW66-259-2006F.pdf</marc:subfield>
    </marc:datafield>
  </marc:record>
</marc:collection>
